MARC

LEADER 00000nab a2200000 a 4500
001 vtls000858707
003 SK-MaSNL
005 20260305014901.0
008 250429c2003 xo 0 slo
015 |a SNBRB2004/01-01188 
035 |a CLN000210355 
035 |a urn:nbn:sk:snk-ab1pls 
035 |a (urnnbn)urn:nbn:sk:snk:ar-004uyz 
035 |a (uuid)308b5b23-4f2d-4e3c-ae6a-631ea1adad30 
040 |a SNKBUCL  |b slo  |c SNKBUCL  |e AACR2 
041 0 |a slo 
044 |a xo  |c SK 
080 |a 615.214  |2 1997 
080 |a 615:061.22(437.6):061.3  |2 1997 
100 1 |a Fulmeková, Magdaléna,  |d 1950-  |4 aut  |9 192594 
245 1 0 |a XXIX. lekárnické dni v Košiciach  |c M. Fulmeková 
246 1 3 |a Dvadsiate deviate lekárnické dni v Košiciach 
610 2 7 |a Slovenská farmaceutická spoločnosť.  |b Lekárnicka sekcia  |2 snkbucl  |9 232126 
611 2 7 |a Lekárnicke dni  |n (29. :  |d 2003 :  |c Košice, Slovensko)  |2 snkbucl  |9 105590 
650 0 7 |a psychofarmaká  |2 MESH  |9 2572 
650 0 7 |a farmácia  |2 MESH  |9 2467 
650 0 7 |a inštitúcie a organizácie  |2 MESH  |9 66282 
655 7 |a články z novín a časopisov  |2 snkbucl  |9 267496 
773 0 |t Farmaceutický obzor  |g Roč. 72, č. 11-12 (2003), s. 295-298  |x 0014-8172 
850 |a Slovenská národná knižnica 
852 |a Slovenská národná knižnica 
954 |a odborná, vedecká literatúra pôvodná (slovenská)  |2 lita 
958 |a article27 
958 |a OND 
958 |a SK 
958 |a MI 
958 |a EUIPO 
992 |a RBX 
999 |c 3271920  |d 3273850